Felipe II : (Record no. 179635)

MARC details
000 -LEADER
campo de control de longitud fija 01118nam a2200289 i 4500
001 - NÚMERO DE CONTROL
campo de control 179635
003 - IDENTIFICADOR DE NÚMERO DE CONTROL
campo de control ES-MaACL
005 - FECHA Y HORA DE LA ÚLTIMA TRANSACCIÓN
campo de control 20250821111700.0
008 - DATOS DE LONGITUD FIJA--INFORMACIÓN GENERAL
campo de control de longitud fija 111227s2010 sp |||| | spa d
020 ## - NÚMERO INTERNACIONAL ESTÁNDAR DEL LIBRO
Número Internacional Estándar del Libro 978-84-08-09484-5
080 ## - NÚMERO DE LA CLASIFICACIÓN DECIMAL UNIVERSAL
Número de la Clasificación Decimal Universal 929 Felipe (460) II
080 ## - NÚMERO DE LA CLASIFICACIÓN DECIMAL UNIVERSAL
Número de la Clasificación Decimal Universal 94(460)"1556/98"
100 0# - ENTRADA PRINCIPAL--NOMBRE DE PERSONA
Nombre de persona Parker, Geoffrey.
9 (RLIN) 89177
245 10 - MENCIÓN DEL TÍTULO
Título Felipe II :
Resto del título la biografía definitiva /
Mención de responsabilidad, etc. Geoffrey Parker ; traducción del inglés de Victoria E. Gordo del Rey ; revisión técnica y científica de Santiago Martínez Hernández.
250 ## - MENCION DE EDICION
Mención de edición 1ª ed.
260 ## - PUBLICACIÓN, DISTRIBUCIÓN, ETC.
Lugar de publicación, distribución, etc. Barcelona :
Nombre del editor, distribuidor, etc. Planeta,
Fecha de publicación, distribución, etc. 2010.
300 ## - DESCRIPCIÓN FÍSICA
Extensión 1383 p., [44] p. de lám. col. y n. ;
Dimensiones 24 cm.
504 ## - NOTA DE BIBLIOGRAFÍA, ETC.
Nota de bibliografía, etc. Bibliografía: p. 1049-1092. Índices.
600 04 - PUNTO DE ACCESO ADICIONAL DE MATERIA--NOMBRE DE PERSONA
Nombre de persona Felipe
Numeración II,
Títulos y otros términos asociados al nombre Rey de España
9 (RLIN) 49175
651 #4 - PUNTO DE ACCESO ADICIONAL DE MATERIA--NOMBRE GEOGRÁFICO
Nombre geográfico España-
Subdivisión general Historia-
Subdivisión cronológica 1556-1598, Felipe II.
9 (RLIN) 8218
700 0# - ENTRADA AGREGADA--NOMBRE PERSONAL
Nombre de persona Gordo del Rey, Victoria.
9 (RLIN) 59149
700 1# - ENTRADA AGREGADA--NOMBRE PERSONAL
Nombre de persona Martínez Hernández, Santiago.
9 (RLIN) 148868
852 ## - LOCALIZACIÓN
Ubicación ES-MaACL
Número de control de estantería A-11823
Sublocalización o colección R.146539
itemnumber 186532
Signatura antigua Olim: N-4828
Ubicación en estantería Depósito 1
942 ## - ELEMENTOS DE ENTRADA SECUNDARIOS (KOHA)
Fuente del sistema de clasificación o colocación Clasificación decimal universal
Tipo de ítem Koha Libro impreso
Holdings
Estatus retirado Estado de pérdida Fuente del sistema de clasificación o colocación Estado de daño No para préstamo Biblioteca de origen Biblioteca actual Ubicación en estantería Fecha de adquisición Fuente de adquisición Total de préstamos Signatura topográfica completa Código de barras Visto por última vez Precio de reemplazo Tipo de ítem Koha
    Clasificación decimal universal     Biblioteca del Ateneo de Madrid Biblioteca del Ateneo de Madrid Depósito 1 27/12/2011 Compra   A-11823 1188710 23/02/2023 23/02/2023 Libro impreso